| 000 | 00627nam a22002292a 4500 | ||
|---|---|---|---|
| 001 | 28917 | ||
| 003 | BD-RJUL | ||
| 005 | 20211209051340.0 | ||
| 008 | 140401s1967 nyua 000 0 eng d | ||
| 035 | _a(BD-RJUL)29001 | ||
| 040 |
_aDLC _cDLC _dUKM _dEQO _beng |
||
| 041 | _aeng | ||
| 082 |
_a150 _bMOE 1967 |
||
| 100 | 1 |
_aMahsher Abidi, Syed Mohammad Mohsin, _d1910- _988391 |
|
| 245 | 1 | 0 |
_aElementary psychology / _cS. M. Mohsin |
| 260 |
_aNew York : _bAsia Pub. House, _c1967 |
||
| 300 |
_aviii, 205 p. : _bill. ; _c22 cm |
||
| 650 | 0 |
_aPsychology _988392 |
|
| 942 |
_2ddc _cBK |
||
| 999 |
_c28917 _d28917 |
||